The Basic Practice of Statistics (Record no. 8244)

MARC details
000 -LEADER
fixed length control field 00569nam a22002177a 4500
003 - CONTROL NUMBER IDENTIFIER
control field OSt
005 - DATE AND TIME OF LATEST TRANSACTION
control field 20231213112855.0
008 - FIXED-LENGTH DATA ELEMENTS--GENERAL INFORMATION
fixed length control field 231213b |||||||| |||| 00| 0 eng d
020 ## - INTERNATIONAL STANDARD BOOK NUMBER
International Standard Book Number 9780716774785
040 ## - CATALOGING SOURCE
Transcribing agency DDC
082 ## - DEWEY DECIMAL CLASSIFICATION NUMBER
Classification number 310 MOO 2007
100 ## - MAIN ENTRY--PERSONAL NAME
Personal name Moore, David S.
9 (RLIN) 2459
245 ## - TITLE STATEMENT
Title The Basic Practice of Statistics
250 ## - EDITION STATEMENT
Edition statement 4th ed.
260 ## - PUBLICATION, DISTRIBUTION, ETC. (IMPRINT)
Place of publication, distribution, etc. New York;
Name of publisher, distributor, etc. W.H. Freeman & Co,
Date of publication, distribution, etc. 2007
300 ## - PHYSICAL DESCRIPTION
Extent xxix, 728p; col.ill: 26cm
504 ## - BIBLIOGRAPHY, ETC. NOTE
Bibliography, etc Tables, answers, & index included
650 ## - SUBJECT ADDED ENTRY--TOPICAL TERM
Source of heading or term Statistics
650 ## - SUBJECT ADDED ENTRY--TOPICAL TERM
Source of heading or term Mathematics
942 ## - ADDED ENTRY ELEMENTS (KOHA)
Source of classification or shelving scheme Dewey Decimal Classification
Koha item type Open Shelf
Holdings
Withdrawn status Lost status Source of classification or shelving scheme Damaged status Not for loan Home library Current library Date acquired Source of acquisition Inventory number Total Checkouts Full call number Barcode Date last seen Koha item type
    Dewey Decimal Classification     MUST Main Library MUST Main Library 13/12/2023 Purchase 08/31040   310 MOO 2007 2023-0734 13/12/2023 Open Shelf